|
|
|
|
| LEADER |
00000naa2a2200000 4500 |
| 001 |
383055 |
| 005 |
20231101063048.0 |
| 035 |
|
|
|a (RuTPU)RU\TPU\prd\7965
|
| 090 |
|
|
|a 383055
|
| 100 |
|
|
|a 20021031a2002 k y0rusy50 ca
|
| 101 |
0 |
|
|a rus
|
| 102 |
|
|
|a RU
|
| 200 |
1 |
|
|a Способ изготовления лицевых панелей
|f С. Шашарин
|
| 225 |
1 |
|
|a Технологии
|
| 461 |
|
1 |
|0 (RuTPU)RU\TPU\prd\2494
|t Схемотехника
|o научно-технический журнал
|d 2002-2007
|
| 463 |
|
1 |
|0 (RuTPU)RU\TPU\prd\2501
|t № 2
|v С. 41
|d 2002
|
| 610 |
1 |
|
|a лицевые панели
|
| 610 |
1 |
|
|a электронные приборы
|
| 610 |
1 |
|
|a применение компьютеров
|
| 610 |
1 |
|
|a ламинирование
|
| 610 |
1 |
|
|a лазерные принтеры
|
| 610 |
1 |
|
|a плёнка-носитель
|
| 700 |
|
1 |
|a Шашарин
|b С.
|g Сергей
|
| 801 |
|
1 |
|a RU
|b 63413507
|c 20021031
|g PSBO
|
| 801 |
|
2 |
|a RU
|b 63413507
|c 20131217
|g RCR
|
| 942 |
|
|
|c BK
|